| 000 | 00638nam a2200181 a 4500 | ||
|---|---|---|---|
| 003 | PILC | ||
| 005 | 20160229140947.0 | ||
| 008 | 080107s19uu xx 00 eng d | ||
| 020 | _a8173918333 | ||
| 050 |
_aG 155.A1 _b.In61 2006 |
||
| 245 |
_aInternational tourism : _bissues and challenges / _cedited by D.S. Bhardwaj, Krishan K. Kamra, Manjula Chaudhary, Ravi Bhushan Kumar, S.S. Boora, Mohinder Chand, R.H. Taxak. |
||
| 260 |
_aNew Delhi : _bKanishka Publishers, _c2006. |
||
| 300 |
_a377 pages : _billustrations ; _c24 cm. |
||
| 500 | _aIncludes index. | ||
| 650 | _aInternational Tourism. | ||
| 942 |
_cBK _2lcc _kFOR |
||
| 999 |
_c22708 _d22708 |
||